[Event "Marburg op"]
[Site "Marburg"]
[Date "2024.10.26"]
[Round "5"]
[White "Petrik, Matus"]
[Black "Jansen, Dirk Norbert"]
[Result "0-1"]
[WhiteElo "1888"]
[BlackElo "2074"]
[PlyCount "58"]
[EventDate "2024.10.24"]
[EventType "swiss"]
[EventRounds "7"]
[EventCountry "GER"]
[SourceTitle "CB16_2025"]
[SourceDate "2025.04.16"]
[SourceVersion "1"]
[SourceVersionDate "2025.04.16"]
[SourceQuality "1"]

1. e4 e6 2. d4 d5 3. Nc3 Nf6 4. Bg5 Bb4 5. e5 h6 6. Bd2 Bxc3 7. Bxc3 Ne4 8. Bb4 c5 9. dxc5 Nxf2 10. Kxf2 Qh4+ 11. g3 Qxb4 12. Nf3 Qxc5+ 13. Nd4 Nc6 14. Bb5 0-0 15. Bxc6 bxc6 16. Kg2 Rb8 17. Rb1 f6 18. Re1 fxe5 19. Rxe5 Qd6 20. Qe2 Rf6 21. b4 Bd7 22. c3 a5 23. a3 axb4 24. axb4 Ra8 25. Re1 c5 26. Nxe6 cxb4 27. Qg4 Ra2+ 28. Kh1 Bxe6 29. Rxe6 Qxe6 0-1

[Event "Marburg op"]
[Site "Marburg"]
[Date "2024.10.25"]
[Round "3"]
[White "Bahlo, Jens"]
[Black "Jansen, Dirk Norbert"]
[Result "1-0"]
[WhiteElo "1899"]
[BlackElo "2074"]
[PlyCount "37"]
[EventDate "2024.10.24"]
[EventType "swiss"]
[EventRounds "7"]
[EventCountry "GER"]
[SourceTitle "CB16_2025"]
[SourceDate "2025.04.16"]
[SourceVersion "1"]
[SourceVersionDate "2025.04.16"]
[SourceQuality "1"]

1. e4 e6 2. d4 d5 3. Bd3 dxe4 4. Bxe4 Nf6 5. Bf3 c5 6. Ne2 Nc6 7. Be3 Qb6 8. b3 Bd7 9. 0-0 cxd4 10. Nxd4 Bc5 11. Nxc6 Bxe3 12. Ne5 Bb5 13. Be2 Rd8 14. Nd3 Bd4 15. c3 Ne4 16. cxd4 Qxd4 17. Nf4 Qe5 18. Bxb5+ Qxb5 19. Qe2 1-0

[Event "Muensterland op 41st"]
[Site "Muenster"]
[Date "2024.10.18"]
[Round "8"]
[White "Jansen, Dirk Norbert"]
[Black "Freiknecht, Holger"]
[Result "1-0"]
[WhiteElo "2074"]
[BlackElo "1906"]
[PlyCount "46"]
[EventDate "2024.10.12"]
[EventType "swiss"]
[EventRounds "9"]
[EventCountry "GER"]
[SourceTitle "CB43_2024"]
[Source "Chessbase"]
[SourceDate "2024.10.23"]
[SourceVersion "1"]
[SourceVersionDate "2024.10.23"]
[SourceQuality "1"]

1. c4 e5 2. Nc3 Nf6 3. Nf3 Nc6 4. e3 Bb4 5. Qc2 Bxc3 6. Qxc3 Qe7 7. d4 exd4 8. Nxd4 Nxd4 9. Qxd4 c5 10. Qd3 0-0 11. Be2 d5 12. 0-0 dxc4 13. Qxc4 Be6 14. Qc2 Rfd8 15. e4 Bd7 16. f3 Rac8 17. Bg5 Qe5 18. Bh4 Qf4 19. Bg3 Qe3+ 20. Bf2 Qg5 21. Rfd1 b6 22. Ba6 Bh3 23. Bg3 Ra8 1-0

[Event "GER-ch Net blitz qual4"]
[Site "Playchess.com INT"]
[Date "2020.03.23"]
[Round "9"]
[White "Jansen, Dirk Norbert"]
[Black "Becker, Linda"]
[Result "1/2-1/2"]
[WhiteElo "2149"]
[BlackElo "1685"]
[PlyCount "101"]
[EventDate "2020.03.23"]
[EventType "swiss (blitz)"]
[EventRounds "9"]
[EventCountry "GER"]
[SourceTitle "CBM 195 Extra"]
[Source "ChessBase"]
[SourceDate "2020.05.31"]
[SourceVersion "1"]
[SourceVersionDate "2020.05.31"]
[SourceQuality "1"]

1. c4 e6 2. g3 d5 3. Bg2 Nf6 4. Nf3 c5 5. cxd5 exd5 6. d4 Nc6 7. Nc3 Be7 8. 0-0 0-0 9. Bg5 h6 10. Bxf6 Bxf6 11. dxc5 Be6 12. Rc1 Qa5 13. Na4 Rfd8 14. a3 d4 15. b4 Qc7 16. Qd3 Bd5 17. Nb2 Re8 18. Ne1 Be6 19. Qc2 Qd7 20. Ned3 Bf5 21. Nc4 a6 22. Rfe1 Qe6 23. Nd6 Re7 24. Nxf5 Qxf5 25. Bxc6 bxc6 26. Nb2 Qd5 27. Nc4 Bg5 28. Rcd1 Rd8 29. Nd6 Bf6 30. e3 Be5 31. exd4 Bxd6 32. cxd6 Qxd6 33. Rxe7 Qxe7 34. Qxc6 Rd6 35. Qc8+ Kh7 36. Qf5+ Rg6 37. Rc1 Qa7 38. d5 Qe7 39. Rc6 Qe1+ 40. Kg2 Qe8 41. Rxg6 fxg6 42. Qe6 Qf8 43. d6 Qa8+ 44. f3 Qc6 45. Qe2 Qxd6 46. Qc2 h5 47. h4 Qf6 48. Qd2 Qc6 49. Kh2 Qxf3 50. Qc2 Qf6 51. Qd2 1/2-1/2

[Event "GER-ch Net blitz qual2"]
[Site "Playchess.com INT"]
[Date "2020.03.16"]
[Round "6"]
[White "Hoke, Adrian Neo"]
[Black "Jansen, Dirk Norbert"]
[Result "1-0"]
[WhiteElo "1575"]
[BlackElo "2149"]
[PlyCount "59"]
[EventDate "2020.03.16"]
[EventType "swiss (blitz)"]
[EventRounds "9"]
[EventCountry "GER"]
[SourceTitle "CBM 195 Extra"]
[Source "ChessBase"]
[SourceDate "2020.05.31"]
[SourceVersion "1"]
[SourceVersionDate "2020.05.31"]
[SourceQuality "1"]

1. e4 e6 2. d4 d5 3. Nd2 dxe4 4. Nxe4 Nd7 5. Nf3 Ngf6 6. Nxf6+ Nxf6 7. Bd3 c5 8. dxc5 Bxc5 9. 0-0 0-0 10. Bg5 h6 11. Bh4 b6 12. Qe2 Bb7 13. Rad1 Qe7 14. Rfe1 Rfd8 15. a3 a5 16. Rd2 g5 17. Bg3 Qf8 18. Red1 Nd5 19. Qe4 Qg7 20. Be5 f6 21. Bg3 Re8 22. Qe2 Nf4 23. Bxf4 gxf4 24. Be4 Ra7 25. Rd7 Re7 26. Rd8+ Kf7 27. Bxb7 Raxb7 28. Qe4 Qg6 29. Rf8+ Kg7 30. Rg8+ 1-0

[Event "GER-ch Net blitz qual2"]
[Site "Playchess.com INT"]
[Date "2020.03.16"]
[Round "2"]
[White "Kosovska, Olena"]
[Black "Jansen, Dirk Norbert"]
[Result "1/2-1/2"]
[WhiteElo "1881"]
[BlackElo "2149"]
[PlyCount "92"]
[EventDate "2020.03.16"]
[EventType "swiss (blitz)"]
[EventRounds "9"]
[EventCountry "GER"]
[SourceTitle "CBM 195 Extra"]
[Source "ChessBase"]
[SourceDate "2020.05.31"]
[SourceVersion "1"]
[SourceVersionDate "2020.05.31"]
[SourceQuality "1"]

1. e4 e6 2. d4 d5 3. Nd2 dxe4 4. Nxe4 Nd7 5. Nf3 Ngf6 6. Ng3 c5 7. Bb5 cxd4 8. Qxd4 a6 9. Ba4 Qc7 10. 0-0 Bc5 11. Qd3 0-0 12. c3 b5 13. Bc2 Bb7 14. Ng5 h6 15. N5e4 Be7 16. Nxf6+ Nxf6 17. Nh5 Ne4 18. f3 Rfd8 19. Qe2 Nf6 20. Ng3 Rd7 21. Be3 Rad8 22. Rad1 Bc5 23. Ne4 Nxe4 24. fxe4 Rxd1 25. Rxd1 Rxd1+ 26. Bxd1 Bxe3+ 27. Qxe3 Qe5 28. Bf3 f5 29. Qb6 Bxe4 30. Qd8+ Kh7 31. Bxe4 Qxe4 32. Qd2 f4 33. Kf1 e5 34. Kf2 Qf5 35. Qe2 e4 36. h3 h5 37. b3 e3+ 38. Kg1 Qe4 39. c4 Qd4 40. cxb5 axb5 41. Qxb5 Qd1+ 42. Kh2 e2 43. Qf5+ Kg8 44. Qe6+ Kh7 45. Qf5+ Kg8 46. Qc8+ Kh7 1/2-1/2

[Event "GER-ch Net blitz qual1"]
[Site "Playchess.com INT"]
[Date "2020.03.07"]
[Round "2"]
[White "Jansen, Dirk Norbert"]
[Black "Krauss, Hans Peter"]
[Result "0-1"]
[WhiteElo "2149"]
[BlackElo "2198"]
[PlyCount "144"]
[EventDate "2020.03.07"]
[EventType "swiss (blitz)"]
[EventRounds "9"]
[EventCountry "GER"]
[SourceTitle "CBM 195 Extra"]
[Source "ChessBase"]
[SourceDate "2020.05.31"]
[SourceVersion "1"]
[SourceVersionDate "2020.05.31"]
[SourceQuality "1"]

1. c4 Nf6 2. Nc3 g6 3. g3 Bg7 4. Bg2 0-0 5. Nf3 d5 6. cxd5 Nxd5 7. 0-0 c6 8. Nxd5 cxd5 9. d4 Nc6 10. Bf4 Bg4 11. e3 Rc8 12. h3 Bf5 13. g4 Be4 14. Nd2 Bxg2 15. Kxg2 Nb4 16. Qb3 Qa5 17. Nf3 b6 18. a3 Nc6 19. Rfc1 f6 20. Bg3 Kh8 21. Rc3 Nb8 22. Rac1 Rxc3 23. Rxc3 Na6 24. Qc2 Qb5 25. Rc8 Qd7 26. Rxf8+ Bxf8 27. b4 Qb7 28. Kh2 Nb8 29. b5 e6 30. Bxb8 Qxb8+ 31. Kg2 Bd6 32. a4 Qc7 33. Qxc7 Bxc7 34. Nd2 Bd6 35. Kf3 Kg7 36. Ke2 Kf7 37. Kd3 e5 38. dxe5 fxe5 39. f3 Ke6 40. Nb3 Bb4 41. Nc1 Be1 42. Ne2 g5 43. Nc1 Kd6 44. Nb3 h6 45. Ke2 Bb4 46. Kd3 Ba3 47. Ke2 e4 48. Nd4 Bb2 49. Nf5+ Kc5 50. Nxh6 Kb4 51. Nf7 Bf6 52. f4 gxf4 53. exf4 d4 54. g5 Kc3 55. gxf6 Kc2 56. Ne5 d3+ 57. Nxd3 exd3+ 58. Ke3 d2 59. f7 d1Q 60. f8Q Qd2+ 61. Kf3 Qd3+ 62. Kg4 Qe2+ 63. Kg3 Qe1+ 64. Kg4 Qe2+ 65. Kg3 Kb3 66. Qf7+ Kxa4 67. Qd5 Qe1+ 68. Kg4 Qg1+ 69. Kf3 Qf1+ 70. Kg3 Qg1+ 71. Kf3 Qh1+ 72. Ke3 Qxd5 0-1

[Event "Staufer op 32nd"]
[Site "Schwaebisch Gmuend"]
[Date "2020.01.04"]
[Round "6"]
[White "Jansen, Dirk Norbert"]
[Black "Siddharth, Jagadeesh"]
[Result "1/2-1/2"]
[WhiteElo "2122"]
[BlackElo "2301"]
[PlyCount "53"]
[EventDate "2020.01.02"]
[EventType "swiss"]
[EventRounds "9"]
[EventCountry "GER"]
[SourceTitle "CBM 194 Extra"]
[Source "ChessBase"]
[SourceDate "2020.03.31"]
[SourceVersion "1"]
[SourceVersionDate "2020.03.31"]
[SourceQuality "1"]

1. c4 c5 2. g3 Nc6 3. Bg2 g6 4. Nc3 Bg7 5. a3 e6 6. Rb1 a5 7. e3 Nge7 8. Nge2 0-0 9. 0-0 d5 10. cxd5 exd5 11. d4 cxd4 12. Nxd4 Nxd4 13. exd4 Bf5 14. Ra1 Qb6 15. Bg5 Nc6 16. Nxd5 Qxb2 17. Be7 Rfc8 18. Bc5 Rd8 19. Qc1 Qb3 20. Qe3 Bd3 21. Rfb1 Qxb1+ 22. Rxb1 Bxb1 23. Qb3 Bf5 24. Qxb7 Nxd4 25. Ne7+ Kh8 26. Bxd4 Bxd4 27. Nxf5 1/2-1/2

[Event "Staufer op 32nd"]
[Site "Schwaebisch Gmuend"]
[Date "2020.01.04"]
[Round "5"]
[White "Koelle, Tobias"]
[Black "Jansen, Dirk Norbert"]
[Result "1/2-1/2"]
[WhiteElo "2316"]
[BlackElo "2122"]
[PlyCount "135"]
[EventDate "2020.01.02"]
[EventType "swiss"]
[EventRounds "9"]
[EventCountry "GER"]
[SourceTitle "CBM 194 Extra"]
[Source "ChessBase"]
[SourceDate "2020.03.31"]
[SourceVersion "1"]
[SourceVersionDate "2020.03.31"]
[SourceQuality "1"]

1. d4 f5 2. g3 Nf6 3. Bg2 g6 4. c4 Bg7 5. Nh3 d6 6. d5 0-0 7. 0-0 Na6 8. Nc3 Nc5 9. Nf4 e5 10. dxe6 c6 11. Qc2 Nxe6 12. Rd1 Qe7 13. Rb1 Rd8 14. b3 Nxf4 15. Bxf4 Nh5 16. Be3 Re8 17. Bd4 f4 18. Bxg7 Bf5 19. Be4 Bxe4 20. Qxe4 Qxe4 21. Nxe4 Rxe4 22. Bc3 fxg3 23. hxg3 Rxe2 24. Rxd6 Rae8 25. Rb2 R2e6 26. Rd7 R8e7 27. Rbd2 b6 28. a4 Kf7 29. a5 bxa5 30. Bxa5 Nf6 31. Rxe7+ Rxe7 32. Rd6 Re6 33. Rd1 Re2 34. Ra1 Re7 35. Bc3 Ne4 36. Be1 Rb7 37. Ra3 Ke6 38. f3 Nc5 39. b4 Nd7 40. g4 c5 41. bxc5 Nxc5 42. Bf2 Rc7 43. Ra5 Nb3 44. Ra6+ Kf7 45. Bg3 Rxc4 46. Rxa7+ Kg8 47. Be5 h5 48. g5 Nd4 49. Rg7+ Kf8 50. Bxd4 Rxd4 51. Rxg6 Rf4 52. Kf2 Kf7 53. Rh6 Rf5 54. Rxh5 Kg6 55. Rh6+ Kxg5 56. Ra6 Rb5 57. Kg3 Kf5 58. Ra8 Kg5 59. f4+ Kf5 60. Rf8+ Kg6 61. Kg4 Rb1 62. Rg8+ Kf6 63. Rf8+ Kg6 64. f5+ Kg7 65. Ra8 Rg1+ 66. Kf3 Kf6 67. Kf2 Rg5 68. Ke1 1/2-1/2

[Event "Muensterland Regionalliga 1920"]
[Site "Germany"]
[Date "2019.09.28"]
[Round "2.1"]
[White "Fuest, Martin"]
[Black "Jansen, Dirk Norbert"]
[Result "1-0"]
[WhiteElo "2118"]
[BlackElo "1947"]
[PlyCount "99"]
[EventDate "2019.09.07"]
[EventType "team-tourn"]
[EventRounds "7"]
[EventCountry "GER"]
[SourceTitle "EXT 2023"]
[Source "ChessBase"]
[SourceDate "2022.10.05"]
[SourceVersion "1"]
[SourceVersionDate "2022.10.05"]
[SourceQuality "1"]
[WhiteTeam "Bocholt"]
[BlackTeam "Muenster SK IV"]
[WhiteTeamCountry "GER"]
[BlackTeamCountry "GER"]

1. d4 e6 2. Nf3 d5 3. g3 c5 4. Bg2 Nf6 5. 0-0 Nc6 6. c4 Be7 7. dxc5 Bxc5 8. Qc2 Bb6 9. Rd1 0-0 10. Nc3 Qe7 11. Bg5 d4 12. Ne4 e5 13. Nxf6+ gxf6 14. Bh6 Re8 15. e4 dxe3 16. Bxe3 Bxe3 17. fxe3 Be6 18. b3 Rad8 19. Nh4 Qc5 20. Qf2 f5 21. Bh3 Ne7 22. Rxd8 Rxd8 23. Re1 e4 24. Qf4 Rd3 25. Qg5+ Kf8 26. g4 Qb4 27. Re2 fxg4 28. Bxg4 Bxg4 29. Qxg4 Rd1+ 30. Kf2 Qd6 31. Kg2 Rd2 32. Kh3 Rxe2 33. Qxe2 Qd3 34. Qf2 Qd7+ 35. Kg3 Qd6+ 36. Qf4 Qe6 37. Kf2 Ng6 38. Nxg6+ hxg6 39. Qb8+ Kg7 40. Qf4 Kg8 41. Kg3 Kg7 42. h4 Kh7 43. c5 Kg7 44. Qg5 f6 45. Qf4 Qd5 46. b4 a5 47. Qc7+ Qf7 48. Qxf7+ Kxf7 49. bxa5 Ke6 50. c6 1-0

[Event "Oberliga NRW 1920"]
[Site "Germany"]
[Date "2019.09.15"]
[Round "1.8"]
[White "Jansen, Dirk Norbert"]
[Black "Hamann, Frank"]
[Result "1-0"]
[WhiteElo "2114"]
[BlackElo "1954"]
[PlyCount "107"]
[EventDate "2019.09.15"]
[EventType "team-tourn"]
[EventRounds "9"]
[EventCountry "GER"]
[SourceTitle "CBM 195 Extra"]
[Source "ChessBase"]
[SourceDate "2020.05.31"]
[SourceVersion "1"]
[SourceVersionDate "2020.05.31"]
[SourceQuality "1"]
[WhiteTeam "Plettenberg"]
[BlackTeam "Dinslaken"]
[WhiteTeamCountry "GER"]
[BlackTeamCountry "GER"]

1. e4 c5 2. Nf3 d6 3. d4 cxd4 4. Nxd4 Nf6 5. Nc3 Nc6 6. Bc4 g6 7. Nxc6 bxc6 8. e5 Nd7 9. e6 fxe6 10. Bxe6 Nf6 11. Bxc8 Qxc8 12. Qf3 Bg7 13. Bg5 0-0 14. 0-0 Rb8 15. Rab1 e5 16. Bxf6 Bxf6 17. Qd3 d5 18. f3 Qf5 19. Na4 Be7 20. Qa6 Qd7 21. Rfe1 Bd6 22. c4 Qb7 23. Qxb7 Rxb7 24. Rbd1 d4 25. c5 Bc7 26. Re4 g5 27. h4 h6 28. hxg5 hxg5 29. Rg4 Bd8 30. Re1 Bf6 31. b3 Rb5 32. Kf2 Kg7 33. Rc1 Be7 34. Re4 Bf6 35. Nb2 a5 36. Rc4 Rb4 37. Rxb4 axb4 38. Nd3 Ra8 39. Nxb4 Ra5 40. Nxc6 Rxc5 41. Nb4 Rc3 42. Re2 Rc5 43. Rc2 Rb5 44. Nd3 Kf7 45. Rc5 Rxc5 46. Nxc5 Be7 47. Ne4 Ke6 48. Ke2 Kf5 49. Kd3 Ba3 50. Nf2 Kf4 51. Nh3+ Kf5 52. g4+ Kf6 53. Nf2 Kg6 54. Kc4 1-0

[Event "Rhein Main op-A 22nd"]
[Site "Bad Homburg"]
[Date "2019.06.22"]
[Round "6"]
[White "Milov, Leonid"]
[Black "Jansen, Dirk Norbert"]
[Result "1-0"]
[WhiteElo "2475"]
[BlackElo "2158"]
[PlyCount "65"]
[EventDate "2019.06.19"]
[EventType "swiss"]
[EventRounds "9"]
[EventCountry "GER"]
[SourceTitle "EXT 2020"]
[Source "ChessBase"]
[SourceDate "2019.10.17"]
[SourceVersion "1"]
[SourceVersionDate "2019.10.17"]
[SourceQuality "1"]

1. e4 e6 2. Nf3 d5 3. Nc3 Nf6 4. e5 Nfd7 5. d4 c5 6. Ne2 cxd4 7. Nexd4 Nc6 8. Bf4 Qb6 9. c3 Nxd4 10. Nxd4 Bc5 11. Qd2 0-0 12. Nb3 Be7 13. Bd3 f6 14. exf6 Nxf6 15. 0-0 Bd7 16. Rae1 Bd6 17. Bxd6 Qxd6 18. f4 Nh5 19. g3 b5 20. Qe3 g6 21. Qc5 Qb8 22. Nd4 Ng7 23. Nf3 Qc8 24. Qe7 Qd8 25. Qd6 Ne8 26. Qc5 Qc7 27. Qd4 Ng7 28. Ne5 a6 29. g4 Rad8 30. g5 Nf5 31. Bxf5 gxf5 32. Rf3 Be8 33. Rh3 1-0

[Event "Rhein Main op-A 22nd"]
[Site "Bad Homburg"]
[Date "2019.06.21"]
[Round "4"]
[White "Brendel, Bergit"]
[Black "Jansen, Dirk Norbert"]
[Result "0-1"]
[WhiteElo "2000"]
[BlackElo "2158"]
[PlyCount "78"]
[EventDate "2019.06.19"]
[EventType "swiss"]
[EventRounds "9"]
[EventCountry "GER"]
[SourceTitle "EXT 2020"]
[Source "ChessBase"]
[SourceDate "2019.10.17"]
[SourceVersion "1"]
[SourceVersionDate "2019.10.17"]
[SourceQuality "1"]

1. e4 e6 2. d4 d5 3. Nc3 Nf6 4. Bg5 Bb4 5. e5 h6 6. Bd2 Bxc3 7. bxc3 Ne4 8. Qg4 Kf8 9. Bd3 Nxd2 10. Kxd2 c5 11. dxc5 Nd7 12. Nf3 Qa5 13. Qb4 Qxc5 14. Qxc5+ Nxc5 15. Nd4 Bd7 16. Rhb1 Ke7 17. f4 Rab8 18. a4 g5 19. f5 exf5 20. Nxf5+ Ke6 21. Nd6 f6 22. Bf5+ Kxe5 23. Bxd7 Kxd6 24. Bf5 Rhe8 25. a5 Re5 26. Rf1 Rbe8 27. Rf2 h5 28. Raf1 Kc7 29. Bd3 Ne4+ 30. Bxe4 dxe4 31. Rxf6 Rxa5 32. Rf7+ Kc8 33. R1f5 e3+ 34. Ke2 Ra2 35. Rc5+ Kb8 36. Rcc7 Rxc2+ 37. Ke1 Rb2 38. Rce7 Rxe7 39. Rxe7 Rxg2 0-1

[Event "Hofheim Spring op 7th"]
[Site "Hofheim"]
[Date "2019.04.26"]
[Round "6"]
[White "Jansen, Dirk Norbert"]
[Black "Kirchhof, Arno"]
[Result "1-0"]
[WhiteElo "2205"]
[BlackElo "1957"]
[PlyCount "29"]
[EventDate "2019.04.23"]
[EventType "swiss"]
[EventRounds "9"]
[EventCountry "GER"]
[SourceTitle "CBM 190 Extra"]
[Source "ChessBase"]
[SourceDate "2019.07.15"]
[SourceVersion "1"]
[SourceVersionDate "2019.07.15"]
[SourceQuality "1"]

1. e4 e5 2. Nf3 Nc6 3. d4 exd4 4. Nxd4 Bc5 5. Nxc6 bxc6 6. Bc4 Qf6 7. 0-0 Ne7 8. Nc3 Ng6 9. Be3 Bb6 10. Bxb6 axb6 11. f4 Ba6 12. Bxa6 Rxa6 13. Qd3 Ra5 14. e5 Qh4 15. Rad1 1-0

[Event "Hofheim Spring op 7th"]
[Site "Hofheim"]
[Date "2019.04.25"]
[Round "5"]
[White "Ochs, Daniel Elias"]
[Black "Jansen, Dirk Norbert"]
[Result "1/2-1/2"]
[WhiteElo "1896"]
[BlackElo "2205"]
[PlyCount "124"]
[EventDate "2019.04.23"]
[EventType "swiss"]
[EventRounds "9"]
[EventCountry "GER"]
[SourceTitle "CBM 190 Extra"]
[Source "ChessBase"]
[SourceDate "2019.07.15"]
[SourceVersion "1"]
[SourceVersionDate "2019.07.15"]
[SourceQuality "1"]

1. d4 f5 2. Bg5 g6 3. Nc3 Bg7 4. Bh4 Nh6 5. Bg5 Ng8 6. h4 h6 7. Bf4 Nf6 8. e3 d6 9. Nf3 e6 10. Bd3 Nc6 11. Qd2 Qe7 12. e4 e5 13. dxe5 dxe5 14. Bh2 fxe4 15. Nxe4 Bf5 16. Qe2 Nxe4 17. Bxe4 Qb4+ 18. Nd2 Bxe4 19. Qxe4 0-0-0 20. Qxb4 Nxb4 21. 0-0-0 Nxa2+ 22. Kb1 Nb4 23. Ne4 b6 24. f3 Rxd1+ 25. Rxd1 Rd8 26. Re1 Nc6 27. c3 a5 28. h5 gxh5 29. Bg3 Rf8 30. Rh1 Rf5 31. Kc2 Ne7 32. Kd3 Kd7 33. Bf2 Ng6 34. Be3 h4 35. Ke2 Nf4+ 36. Bxf4 exf4 37. Kd3 Rh5 38. b3 Kc6 39. c4 Be5 40. Rh3 b5 41. Rh1 Kb6 42. cxb5 Kxb5 43. Kc2 c5 44. Nd2 Bd4 45. Ne4 Kb4 46. Nd2 Rg5 47. Rxh4 Be3 48. Nc4 Rxg2+ 49. Kd3 Kxb3 50. Rxh6 a4 51. Rb6+ Ka2 52. Ra6 Kb3 53. Rb6+ Ka2 54. Ra6 Rg3 55. Kc2 Rg2+ 56. Kd3 Rf2 57. Rxa4+ Kb3 58. Ra8 Rxf3 59. Rb8+ Ka2 60. Ke4 Rh3 61. Rb2+ Ka1 62. Rb3 Ka2 1/2-1/2